| 000 | 00474nam a22001817a 4500 | ||
|---|---|---|---|
| 999 |
_c525830 _d525830 |
||
| 003 | NUST | ||
| 005 | 20190705051300.0 | ||
| 038 | _aFaiza | ||
| 082 |
_a891.423 _bSHA |
||
| 100 |
_aNaghman, Shams _916773 |
||
| 245 |
_aSishy di kandh/ _cShams Naghman |
||
| 260 |
_aLahore: _bPakistan Punjabi Adbi Board, _c1993. |
||
| 300 | _a160p. ; | ||
| 500 | _aPaper Cover | ||
| 880 |
_6100-01\r _aشمس نغمانی |
||
| 880 |
_6245-02\r _a /شیشے دی کندھ |
||
| 942 |
_2ddc _cBK |
||